Statistics for Türkiye'nin Şehirleri

Click here to take the quiz!

General Stats

  • This quiz has been taken 1 062 times
  • The average score is 30 of 81

Answers on the Map

Answers color-coded by a green-red scale on the quiz's map according to % correct below.
 

Answer Stats

Answer% Correct
İstanbul
73%
Antalya
60%
Aydın
59%
Edirne
59%
İzmir
59%
Ankara
55%
Konya
54%
Sakarya
52%
Adana
51%
Yalova
51%
Hatay
49%
Bursa
48%
Çanakkale
48%
Balıkesir
45%
Erzurum
44%
Iğdır
44%
Kocaeli
44%
Muğla
44%
Sivas
44%
Hakkari
43%
Kırklareli
43%
Mersin
43%
Sinop
43%
Van
43%
Eskişehir
42%
Bartın
41%
Kilis
41%
Tekirdağ
41%
Trabzon
41%
Artvin
39%
Isparta
39%
Manisa
39%
Rize
39%
Osmaniye
38%
Ardahan
37%
Gaziantep
37%
Samsun
37%
Afyonkarahisar
36%
Şanlıurfa
36%
Denizli
35%
Yozgat
35%
Ağrı
34%
Adıyaman
34%
Kahramanmaraş
34%
Kars
34%
Şırnak
34%
Uşak
34%
Zonguldak
34%
Elazığ
33%
Kayseri
33%
Kütahya
33%
Batman
32%
Bolu
32%
Diyarbakır
32%
Düzce
32%
Erzincan
32%
Giresun
32%
Karaman
32%
Kastamonu
32%
Mardin
32%
Gümüşhane
31%
Ordu
31%
Bilecik
29%
Burdur
29%
Malatya
29%
Aksaray
28%
Amasya
28%
Bayburt
28%
Karabük
28%
Niğde
28%
Siirt
28%
Tunceli
28%
Çankırı
27%
Çorum
27%
Kırıkkale
26%
Tokat
26%
Kırşehir
25%
Nevşehir
25%
Muş
24%
Bitlis
23%
Bingöl
22%

Score Distribution

Percentile by Number Answered

Percent of People with Each Score

Your Score History

You have not taken this quiz